000 00748nam a2200241 a 4500
001 6819
003 BD-RjUL
005 20211208234323.0
008 140112r19611960xx a 001 0 eng
035 _a(BD-RjUL)6861
040 _aDLC
_cDLC
_dBD-RjUL
_beng
041 _aeng
082 0 0 _a515.8
_bBOP 1961
_223
100 1 _aBoas, Ralph P.
_q(Ralph Philip),
_d1912-1992.
_921422
245 1 2 _aA primer of real functions /
_cRalph P. Boas
260 _a[n.p.]
_bMathematical Association of America,
_cc1960 [impration 1961, 1966].
300 _a189 p. :
_bill.,
_c19 cm.
490 0 _aThe Carus mathematical monographs, no. 13
500 _aInclude index.
650 0 _aFunctions of real variables.
_920677
942 _2ddc
_cBK
999 _c6819
_d6819